| 000 | 00611cam a2200229 a 4500 | ||
|---|---|---|---|
| 001 | 4679032 | ||
| 005 | 20180809035325.0 | ||
| 008 | 810713m19819999nyua b 001 0 eng | ||
| 010 | _a 81010962 | ||
| 020 | _a012614950X | ||
| 040 |
_aDLC _cDLC _dDLC |
||
| 041 | _aeng | ||
| 060 | _aWO 440 P371 | ||
| 080 | _a617.96798 SAL | ||
| 082 | 0 | 0 |
_a617.96798 SAL _219 |
| 100 | _a8 | ||
| 101 | _aPED | ||
| 245 | 0 | 0 |
_aPediatric anesthesia : _cedited by M. Ramez Salem. |
| 504 | _aIncludes bibliographies and index. | ||
| 906 |
_a7 _bcbc _corignew _d1 _eocip _f19 _gy-gencatlg |
||
| 942 |
_2ddc _cBK |
||
| 999 |
_c46946 _d46946 |
||